00310nam a22001217a 4500003000400000082001600004100002100020245007900041260003500120300000700155650001800162653000800180SGT a617.7bP23S aSINGH, HARMANJOT aPrevalence and profile of digital eye strain in students of SGT University aGURUGRAMbSGT UNIVERSITYc2023 a65 aOPHTHALMOLOGY aM.S